000 00402nam a2200133Ia 4500
005 20260328101521.0
008 260328s9999||||xx |||||||||||||| ||und||
100 _aGregory, Danny
245 3 _aAn illustrated Life :
_b Drawing inspiration from the private Sketchbooks of artists, illustrators and Designers /
_cDanny Gregory
260 _bHow Books
300 _a266 p.
650 _aDIBUJO
942 _cBK
999 _c9612
_d9612